Comparative education : (Record no. 2133)

MARC details
000 -LEADER
fixed length control field 00713cam a22002172 4500
001 - CONTROL NUMBER
control field 0000003532
005 - DATE AND TIME OF LATEST TRANSACTION
control field 20151217145735.0
008 - FIXED-LENGTH DATA ELEMENTS--GENERAL INFORMATION
fixed length control field 070509s xx 000 0 eng d
020 ## - INTERNATIONAL STANDARD BOOK NUMBER
International Standard Book Number 0130868483 :
Terms of availability GBP 27.99
040 ## - CATALOGING SOURCE
Original cataloging agency KABU
Transcribing agency KABU
050 #0 - LIBRARY OF CONGRESS CALL NUMBER
Classification number LB43
Item number .K83
100 1# - MAIN ENTRY--PERSONAL NAME
Personal name Kubow, Patricia K.
-- 0000153516
245 10 - TITLE STATEMENT
Title Comparative education :
Remainder of title exploring issues in international context /
Statement of responsibility, etc. Patricia K. Kubow, Paul R. Fossum.
260 ## - PUBLICATION, DISTRIBUTION, ETC. (IMPRINT)
Place of publication, distribution, etc. Upper Saddle River, NJ :
Name of publisher, distributor, etc. Merrill Prentice Hall,
Date of publication, distribution, etc. 2003.
300 ## - PHYSICAL DESCRIPTION
Extent xiii, 274 p.
650 #0 - SUBJECT ADDED ENTRY--TOPICAL TERM
Topical term or geographic name as entry element Comparative education.
-- 0000153512
700 1# - ADDED ENTRY--PERSONAL NAME
Personal name Fossium, Paul R.
-- 0000153517
908 ## - PUT COMMAND PARAMETER (RLIN)
Put command parameter 070509
950 ## - LOCAL HOLDINGS (RLIN)
-- 1
Holdings
Withdrawn status Lost status Source of classification or shelving scheme Not for loan Home library Current library Date acquired Total Checkouts Full call number Barcode Date last seen Date last checked out Price effective from Koha item type
    Library of Congress Classification   Kabarak, Main Campus Kabarak, Main Campus 17/12/2015 5 LB43 .K83 006900 26/11/2019 25/11/2019 17/12/2015 General Collection
Designed with assistance from East African Informatics Ltd